| 000 | 00722cam a2200229 a 4500 | ||
|---|---|---|---|
| 001 | 000004902 | ||
| 005 | 20200929151528.0 | ||
| 008 | 830726s1983 nq 001 p spa | ||
| 040 |
_aDO-SdBNP _cDLC _dDLC |
||
| 082 |
_aN861.44 _bR928t, 1983 |
||
| 100 | 1 |
_aRugama, Leonel, _d1949-1970 _914172 |
|
| 245 | 1 | 3 |
_aLa tierra es un satélite de la luna / _cLeonel Rugama. |
| 250 | _a3a ed. | ||
| 260 |
_aManagua : _bNueva Nicaragua, _c1983. |
||
| 300 |
_a109 p. ; _c19 cm. |
||
| 490 | 1 |
_aLetras de Nicaragua _v6 |
|
| 650 | 4 |
_aPoesía nicaragüense _98179 |
|
| 650 | 4 |
_aLiteratura nicaragüense _98122 |
|
| 650 | 4 |
_aProsa nicaragüense _914173 |
|
| 830 | 0 |
_aLetras de Nicaragua ; _v6 _98119 |
|
| 910 | _aCatalogación por copia / LC | ||
| 999 |
_c4708 _d4708 |
||